| 000 | 006090000a22001810004500 | ||
|---|---|---|---|
| 008 | 230817t ||||| |||| 00| 0 eng d | ||
| 020 | _a9990037221 | ||
| 082 |
_a362.8292 _bAMN |
||
| 110 | _aAmnesty International | ||
| 245 |
_a Pakistan : _bviolence against women in the name of honour |
||
| 260 |
_aNew York: _bAmnesty International, _c1999 |
||
| 300 | _a 57 p. : ill. ; 28 cm | ||
| 650 | _aAbused women- Government policy- Pakistan | ||
| 650 | _aFamily violence -Pakistan | ||
| 650 | _aWomen, Crimes against- Pakistan | ||
| 856 | _uhttps://www.amnesty.org/en/documents/asa33/017/1999/en/ | ||
| 942 | _cRP | ||
| 999 |
_c3150 _d3150 |
||